Les 25 pays au plus gros PIB - Statistiques

Statistiques générales
  • Ce quiz a été pris 369 fois
  • Le résultat moyen est 23 sur 25
Statistiques - réponses
PIB en milliards de $ Pays % Correct
12 362 Chine
100%
19 377 Etats-Unis
100%
2 570 France
100%
2 458 Inde
99%
3 619 Allemagne
98%
1 954 Brésil
98%
1 895 Italie
98%
5 106 Japon
98%
1 442 Russie
98%
1 303 Espagne
97%
2 610 Royaume-Uni
97%
1 627 Canada
96%
1 344 Australie
95%
1 124 Mexique
93%
1 521 Corée du Sud
91%
532 Suède
91%
595 Argentine
88%
488 Pologne
87%
1 015 Indonésie
86%
689 Arabie Saoudite
85%
684 Suisse
85%
800 Pays-Bas
84%
489 Belgique
83%
769 Turquie
83%
536 Taïwan
58%
Aucun quiz correspondant
Distribution des résultats
% des personnes avec chaque résultat
Percentile par nombre de réponses
Votre historique - résultats
Vous n’avez pas pris ce quiz